[Event "PK Jeugd 2020 C-Open"]
[Site "Eindhoven, Netherlands"]
[Date "????.??.??"]
[Round "5.2"]
[White "Kazarjan, Gachatur"]
[Black "Bötticher, Donald"]
[Result "1-0"]
[WhiteElo "1600"]
[BlackElo "1076"]

1. e4 {[%clk 00:55:19]} {[%emt 00:00:01]} c5 {[%clk 00:55:15]} {[%emt
00:00:05]} 2. Nf3 {[%clk 00:55:20]} {[%emt 00:00:09]} e6 {[%clk 00:55:17]}
{[%emt 00:00:08]} 3. d4 {[%clk 00:55:25]} {[%emt 00:00:05]} d5 {[%clk
00:55:17]} {[%emt 00:00:10]} 4. Nc3 {[%clk 00:55:28]} {[%emt 00:00:06]} Nc6
{[%clk 00:54:47]} {[%emt 00:00:41]} 5. Be3 {[%clk 00:55:10]} {[%emt 00:00:27]}
Nf6 {[%clk 00:53:49]} {[%emt 00:01:09]} 6. exd5 {[%clk 00:54:36]} {[%emt
00:00:44]} exd5 {[%emt 00:00:29]} 7. Be2 {[%clk 00:54:17]} {[%emt 00:00:08]} c4
{[%clk 00:53:24]} {[%emt 00:00:37]} 8. O-O {[%clk 00:54:02]} {[%emt 00:00:25]}
Bd6 {[%clk 00:52:49]} {[%emt 00:00:45]} 9. Kh1 {[%clk 00:53:50]} {[%emt
00:00:22]} h5 {[%clk 00:52:35]} {[%emt 00:00:24]} 10. Bg5 {[%clk 00:53:54]}
{[%emt 00:00:06]} Be7 {[%clk 00:51:25]} {[%emt 00:01:20]} 11. Qd2 {[%clk
00:53:38]} {[%emt 00:00:26]} Ne4 {[%clk 00:49:45]} {[%emt 00:01:51]} 12. Bxe7
{[%clk 00:53:24]} {[%emt 00:00:23]} Nxd2 {[%clk 00:48:40]} {[%emt 00:01:15]} 13.
Bxd8 {[%clk 00:53:21]} {[%emt 00:00:13]} Nxf1 {[%clk 00:48:42]} {[%emt
00:00:08]} 14. Rxf1 {[%clk 00:53:29]} {[%emt 00:00:02]} Kxd8 {[%clk 00:48:41]}
{[%emt 00:00:11]} 15. Nxd5 {[%clk 00:53:32]} {[%emt 00:00:08]} Re8 {[%clk
00:47:54]} {[%emt 00:00:56]} 16. Bxc4 {[%clk 00:53:19]} {[%emt 00:00:24]} Bg4
{[%clk 00:46:33]} {[%emt 00:01:31]} 17. Ng5 {[%clk 00:53:16]} {[%emt 00:00:11]}
Nxd4 {[%clk 00:40:44]} {[%emt 00:06:00]} 18. Nxf7+ {[%clk 00:52:58]} {[%emt
00:00:28]} Kd7 {[%clk 00:40:47]} {[%emt 00:00:06]} 19. c3 {[%clk 00:52:35]}
{[%emt 00:00:34]} b5 {[%clk 00:38:04]} {[%emt 00:02:53]} 20. cxd4 {[%clk
00:51:26]} {[%emt 00:01:18]} bxc4 {[%clk 00:38:06]} {[%emt 00:00:08]} 21. Ne5+
{[%clk 00:51:04]} {[%emt 00:00:33]} Kd6 {[%clk 00:37:53]} {[%emt 00:00:23]} 22.
Nc3 {[%clk 00:50:34]} {[%emt 00:00:40]} Rac8 {[%clk 00:35:25]} {[%emt
00:02:38]} 23. Re1 {[%clk 00:49:22]} {[%emt 00:01:22]} Bd7 {[%clk 00:30:08]}
{[%emt 00:05:27]} 24. Nf7+ {[%clk 00:47:12]} {[%emt 00:02:19]} Kc7 {[%clk
00:29:42]} {[%emt 00:00:37]} 25. Nd5+ {[%clk 00:46:46]} {[%emt 00:00:36]} Kb8
{[%clk 00:29:29]} {[%emt 00:00:23]} 26. Ne7 {[%clk 00:45:24]} {[%emt 00:01:32]}
Rc7 {[%clk 00:27:38]} {[%emt 00:02:01]} 27. Nd6 {[%clk 00:43:03]} {[%emt
00:02:30]} Rf8 {[%clk 00:23:48]} {[%emt 00:04:01]} 28. f3 {[%clk 00:42:05]}
{[%emt 00:01:08]} Rf6 {[%clk 00:21:18]} {[%emt 00:02:40]} 29. Ne4 {[%clk
00:42:00]} {[%emt 00:00:15]} Re6 {[%clk 00:20:19]} {[%emt 00:01:09]} 30. Nd5
{[%clk 00:41:56]} {[%emt 00:00:15]} Rb7 {[%clk 00:15:49]} {[%emt 00:04:39]} 31.
Re2 {[%clk 00:40:39]} {[%emt 00:01:26]} Bc6 {[%emt 00:01:49]} 32. Nf4 {[%clk
00:40:29]} {[%emt 00:00:18]} Ree7 {[%clk 00:13:59]} {[%emt 00:00:23]} 33. h4
{[%clk 00:40:26]} {[%emt 00:00:13]} Bb5 {[%clk 00:11:01]} {[%emt 00:03:09]} 34.
Rd2 {[%clk 00:38:52]} {[%emt 00:01:44]} Bc6 {[%clk 00:10:21]} {[%emt 00:00:51]}
35. d5 {[%clk 00:38:55]} {[%emt 00:00:06]} Bd7 {[%clk 00:09:11]} {[%emt
00:01:20]} 36. d6 {[%clk 00:38:36]} {[%emt 00:00:29]} Rf7 {[%clk 00:08:56]}
{[%emt 00:00:25]} 37. g3 {[%clk 00:38:36]} {[%emt 00:00:09]} Bc6 {[%clk
00:07:52]} {[%emt 00:01:15]} 38. Kh2 {[%clk 00:38:36]} {[%emt 00:00:10]} Kc8
{[%clk 00:05:18]} {[%emt 00:02:45]} 39. b3 {[%clk 00:37:59]} {[%emt 00:00:46]}
cxb3 {[%clk 00:05:11]} {[%emt 00:00:17]} 40. axb3 {[%clk 00:38:00]} {[%emt
00:00:09]} Rxb3 {[%clk 00:05:14]} {[%emt 00:00:07]} 41. Rc2 {[%clk 00:38:00]}
{[%emt 00:00:09]} Kd7 {[%clk 00:05:14]} {[%emt 00:00:11]} 42. Nc5+ {[%clk
00:38:09]} {[%emt 00:00:02]} Kxd6 {[%clk 00:05:04]} {[%emt 00:00:19]} 43. Nxb3
{[%clk 00:38:13]} {[%emt 00:00:05]} Re7 {[%clk 00:03:34]} {[%emt 00:01:41]} 44.
Nd4 {[%clk 00:37:49]} {[%emt 00:00:34]} Bb7 {[%clk 00:03:00]} {[%emt 00:00:44]}
45. Nf5+ {[%clk 00:37:51]} {[%emt 00:00:08]} 1-0

[Event "PK Jeugd 2020 C-Open"]
[Site "Eindhoven, Netherlands"]
[Date "????.??.??"]
[Round "5.3"]
[White "Zhang, Eric"]
[Black "Thijssen, Freek"]
[Result "0-1"]
[WhiteElo "587"]
[BlackElo "784"]

1. e4 {[%clk 00:55:19]} e5 {[%clk 00:55:13]} {[%emt 00:00:08]} 2. Nf3 {[%clk
00:55:18]} {[%emt 00:00:11]} Nc6 {[%clk 00:55:13]} {[%emt 00:00:11]} 3. Bc4
{[%clk 00:54:49]} {[%emt 00:00:38]} Bc5 {[%clk 00:55:09]} {[%emt 00:00:14]} 4.
d3 {[%clk 00:54:29]} {[%emt 00:00:30]} d6 {[%clk 00:55:11]} {[%emt 00:00:08]} 5.
Ng5 {[%clk 00:54:03]} {[%emt 00:00:36]} Nh6 {[%clk 00:55:04]} {[%emt 00:00:17]}
6. Qf3 {[%clk 00:53:24]} {[%emt 00:00:49]} O-O {[%clk 00:54:50]} {[%emt
00:00:24]} 7. Qg3 {[%clk 00:52:49]} {[%emt 00:00:44]} Nd4 {[%clk 00:54:33]}
{[%emt 00:00:28]} 8. Ne6 {[%clk 00:52:08]} {[%emt 00:00:51]} Bxe6 {[%clk
00:54:18]} {[%emt 00:00:24]} 9. Bxh6 {[%clk 00:51:59]} {[%emt 00:00:18]} Qf6
{[%clk 00:54:02]} {[%emt 00:00:27]} 10. Bg5 {[%clk 00:45:33]} {[%emt 00:06:36]}
Qg6 {[%clk 00:53:10]} {[%emt 00:01:03]} 11. Kd1 {[%clk 00:44:51]} {[%emt
00:00:52]} Bxc4 {[%clk 00:52:43]} {[%emt 00:00:37]} 12. Be3 {[%clk 00:42:48]}
{[%emt 00:02:13]} Qxg3 {[%clk 00:52:07]} {[%emt 00:00:46]} 13. hxg3 {[%clk
00:42:34]} {[%emt 00:00:24]} Be6 {[%clk 00:51:56]} {[%emt 00:00:21]} 14. c3
{[%clk 00:40:37]} {[%emt 00:02:06]} Nc6 {[%clk 00:51:15]} {[%emt 00:00:52]} 15.
Nd2 {[%clk 00:39:54]} {[%emt 00:00:52]} Bxe3 {[%clk 00:51:10]} {[%emt
00:00:15]} 16. fxe3 {[%clk 00:39:51]} {[%emt 00:00:12]} d5 {[%clk 00:51:11]}
{[%emt 00:00:12]} 17. Kc2 {[%clk 00:39:16]} {[%emt 00:00:44]} dxe4 {[%clk
00:50:59]} {[%emt 00:00:23]} 18. dxe4 {[%clk 00:39:13]} {[%emt 00:00:12]} Rad8
{[%clk 00:51:02]} {[%emt 00:00:07]} 19. Rh2 {[%clk 00:38:14]} {[%emt 00:01:09]}
f5 {[%clk 00:50:24]} {[%emt 00:00:48]} 20. exf5 {[%clk 00:35:38]} {[%emt
00:02:45]} Rxf5 {[%clk 00:50:08]} {[%emt 00:00:26]} 21. e4 {[%clk 00:34:26]}
{[%emt 00:01:22]} Rf2 {[%clk 00:50:06]} {[%emt 00:00:12]} 22. Rd1 {[%clk
00:33:39]} {[%emt 00:00:56]} Bg4 {[%clk 00:49:38]} {[%emt 00:00:40]} 23. Rf1
{[%clk 00:32:39]} {[%emt 00:01:09]} Rdxd2+ {[%clk 00:49:16]} {[%emt 00:00:32]}
24. Kc1 {[%clk 00:32:19]} {[%emt 00:00:30]} Rc2+ {[%clk 00:48:48]} {[%emt
00:00:39]} 25. Kb1 {[%clk 00:31:23]} {[%emt 00:01:05]} Rxb2+ {[%clk 00:48:02]}
{[%emt 00:00:57]} 26. Kc1 {[%clk 00:30:30]} {[%emt 00:01:03]} Rxg2 {[%emt
00:00:24]} 27. Rhh1 {[%clk 00:28:47]} {[%emt 00:01:50]} Rgc2# {[%clk 00:47:21]}
{[%emt 00:00:28]} 0-1

[Event "PK Jeugd 2020 C-Open"]
[Site "Eindhoven, Netherlands"]
[Date "????.??.??"]
[Round "5.4"]
[White "van Warmerdam, Valentijn"]
[Black "Kurt, Sascha"]
[Result "1/2-1/2"]
[WhiteElo "1693"]
[BlackElo "948"]

1. e4 {[%emt 00:04:01]} e5 {[%emt 00:00:07]} 2. Nf3 {[%emt 00:00:04]} Nc6
{[%emt 00:00:08]} 3. Bc4 {[%emt 00:00:03]} Bc5 {[%emt 00:00:10]} 4. d3 {[%emt
00:00:22]} Nf6 {[%emt 00:00:17]} 5. Nc3 {[%emt 00:00:27]} d6 {[%emt 00:00:25]}
6. Bg5 {[%emt 00:00:28]} Be6 {[%emt 00:00:44]} 7. Bxe6 {[%emt 00:05:07]} fxe6
{[%emt 00:00:09]} 8. Na4 {[%emt 00:01:32]} h6 {[%emt 00:02:53]} 9. Nxc5 {[%emt
00:00:21]} dxc5 {[%emt 00:00:22]} 10. Bh4 {[%emt 00:02:11]} Qd6 {[%emt
00:02:25]} 11. Qd2 {[%emt 00:17:26]} O-O-O {[%emt 00:05:17]} 12. O-O-O {[%emt
00:03:30]} g5 {[%emt 00:00:59]} 13. Bg3 {[%emt 00:00:34]} Nh5 {[%emt 00:01:06]}
14. Rhf1 {[%emt 00:06:59]} Nf4 {[%emt 00:03:54]} 15. Ne1 {[%emt 00:01:53]} Nd4
{[%emt 00:00:44]} 16. c3 {[%emt 00:06:33]} Nde2+ {[%emt 00:01:00]} 17. Kc2
{[%emt 00:05:19]} Rd7 {[%emt 00:01:50]} 18. Bxf4 {[%emt 00:00:27]} Nxf4 {[%emt
00:00:10]} 19. g3 {[%emt 00:00:06]} Ng6 {[%emt 00:01:24]} 20. f3 {[%emt
00:00:25]} Rhd8 {[%emt 00:00:51]} 21. Rf2 {[%emt 00:00:16]} Qa6 {[%emt
00:00:43]} 22. Kb1 {[%emt 00:01:25]} c4 {[%emt 00:00:34]} 1/2-1/2

[Event "PK Jeugd 2020 C-Open"]
[Site "Eindhoven, Netherlands"]
[Date "2020.02.09"]
[Round "6.1"]
[White "Prevoo, Joshua"]
[Black "Kurt, Sascha"]
[Result "1-0"]
[WhiteElo "1233"]
[BlackElo "948"]

1. e4 {[%clk 00:55:17]} {[%emt 00:00:03]} e5 {[%clk 00:55:17]} {[%emt
00:00:03]} 2. Nf3 {[%clk 00:55:22]} {[%emt 00:00:05]} Nc6 {[%clk 00:55:23]}
{[%emt 00:00:04]} 3. d4 {[%clk 00:55:28]} {[%emt 00:00:03]} exd4 {[%clk
00:55:28]} {[%emt 00:00:06]} 4. Nxd4 {[%clk 00:55:33]} {[%emt 00:00:05]} Nf6
{[%clk 00:55:34]} {[%emt 00:00:03]} 5. Nc3 {[%clk 00:55:29]} {[%emt 00:00:15]}
Bb4 {[%clk 00:55:35]} {[%emt 00:00:09]} 6. Nxc6 {[%clk 00:55:08]} {[%emt
00:00:31]} bxc6 {[%clk 00:55:34]} {[%emt 00:00:11]} 7. Bd2 {[%clk 00:54:55]}
{[%emt 00:00:23]} d5 {[%clk 00:55:16]} {[%emt 00:00:28]} 8. a3 {[%clk
00:54:41]} {[%emt 00:00:24]} Bc5 {[%clk 00:54:02]} {[%emt 00:01:23]} 9. Bd3
{[%clk 00:54:17]} {[%emt 00:00:34]} O-O {[%clk 00:53:51]} {[%emt 00:00:23]} 10.
O-O {[%clk 00:54:19]} {[%emt 00:00:07]} Re8 {[%clk 00:53:24]} {[%emt 00:00:37]}
11. Re1 {[%clk 00:53:41]} {[%emt 00:00:48]} Bg4 {[%clk 00:52:38]} {[%emt
00:00:56]} 12. Be2 {[%clk 00:53:35]} {[%emt 00:00:16]} Bxe2 {[%clk 00:52:07]}
{[%emt 00:00:41]} 13. Rxe2 {[%clk 00:53:19]} {[%emt 00:00:26]} dxe4 {[%clk
00:51:16]} {[%emt 00:01:01]} 14. Bg5 {[%clk 00:53:16]} {[%emt 00:00:11]} e3
{[%clk 00:48:25]} {[%emt 00:03:03]} 15. Bxe3 {[%clk 00:52:26]} {[%emt
00:01:00]} Bxe3 {[%clk 00:46:30]} {[%emt 00:02:05]} 16. Rxe3 {[%clk 00:52:27]}
{[%emt 00:00:08]} Rxe3 {[%clk 00:45:53]} {[%emt 00:00:48]} 17. fxe3 {[%clk
00:52:31]} {[%emt 00:00:06]} Nd5 {[%clk 00:45:18]} {[%emt 00:00:46]} 18. Nxd5
{[%clk 00:52:17]} {[%emt 00:00:23]} cxd5 {[%clk 00:44:48]} {[%emt 00:00:41]} 19.
Qf3 {[%clk 00:51:47]} {[%emt 00:00:40]} Qe7 {[%clk 00:43:31]} {[%emt 00:01:27]}
20. Rd1 {[%clk 00:50:05]} {[%emt 00:01:51]} Rd8 {[%clk 00:42:44]} {[%emt
00:00:56]} 21. Kf1 {[%clk 00:47:48]} {[%emt 00:02:28]} c6 {[%clk 00:41:36]}
{[%emt 00:01:18]} 22. Qg3 {[%clk 00:39:49]} {[%emt 00:08:09]} Qf6+ {[%clk
00:40:32]} {[%emt 00:01:15]} 23. Qf4 {[%clk 00:39:48]} {[%emt 00:00:10]} Qxb2
{[%emt 00:01:14]} 24. Qc7 {[%clk 00:39:15]} {[%emt 00:00:41]} Qf6+ {[%clk
00:39:29]} {[%emt 00:00:11]} 25. Kg1 {[%clk 00:38:10]} {[%emt 00:01:14]} a6
{[%clk 00:38:28]} {[%emt 00:01:13]} 26. Rf1 {[%emt 00:01:47]} Qd6 {[%clk
00:37:20]} 27. Rxf7 {[%clk 00:37:42]} {[%emt 00:00:18]} Qxc7 {[%clk 00:36:45]}
{[%emt 00:00:46]} 28. Rxc7 {[%clk 00:37:42]} {[%emt 00:00:10]} Re8 {[%clk
00:36:27]} {[%emt 00:00:28]} 29. Rxc6 {[%clk 00:35:31]} {[%emt 00:02:20]} Rxe3
{[%clk 00:35:21]} {[%emt 00:01:16]} 30. Rxa6 {[%clk 00:35:20]} {[%emt
00:00:21]} Rc3 {[%clk 00:35:04]} {[%emt 00:00:27]} 31. Rd6 {[%clk 00:35:13]}
{[%emt 00:00:16]} Rxc2 {[%clk 00:34:42]} {[%emt 00:00:32]} 32. Rxd5 {[%clk
00:35:14]} {[%emt 00:00:10]} Rc7 {[%clk 00:34:13]} {[%emt 00:00:40]} 33. a4
{[%clk 00:34:59]} {[%emt 00:00:25]} Kf7 {[%clk 00:34:14]} {[%emt 00:00:09]} 34.
h3 {[%clk 00:34:57]} {[%emt 00:00:11]} Ra7 {[%clk 00:33:55]} {[%emt 00:00:30]}
35. a5 {[%clk 00:34:47]} {[%emt 00:00:19]} g6 {[%clk 00:33:23]} {[%emt
00:00:42]} 36. Rb5 {[%clk 00:34:44]} {[%emt 00:00:13]} Ke8 {[%clk 00:32:51]}
{[%emt 00:00:42]} 37. Kf2 {[%clk 00:34:27]} {[%emt 00:00:27]} Kd7 {[%clk
00:32:20]} {[%emt 00:00:42]} 38. a6 {[%clk 00:32:50]} {[%emt 00:01:46]} Kc6
{[%clk 00:31:37]} {[%emt 00:00:53]} 39. Ra5 {[%clk 00:32:11]} {[%emt 00:00:50]}
Kb6 {[%clk 00:31:26]} {[%emt 00:00:21]} 40. Ra1 {[%clk 00:31:42]} {[%emt
00:00:35]} Kc6 {[%clk 00:29:09]} {[%emt 00:02:31]} 41. Kg3 {[%clk 00:31:15]}
{[%emt 00:00:36]} Kd6 {[%clk 00:28:36]} {[%emt 00:00:42]} 42. Kg4 {[%clk
00:31:12]} {[%emt 00:00:13]} Ke7 {[%clk 00:27:46]} {[%emt 00:01:01]} 43. Kg5
{[%clk 00:31:16]} {[%emt 00:00:06]} Kf7 {[%clk 00:27:22]} {[%emt 00:00:33]} 44.
Kf4 {[%clk 00:30:21]} {[%emt 00:01:06]} Kf6 {[%clk 00:27:02]} {[%emt 00:00:29]}
45. h4 {[%clk 00:30:08]} {[%emt 00:00:24]} h6 {[%clk 00:26:58]} {[%emt
00:00:14]} 46. Ra5 {[%clk 00:30:13]} {[%emt 00:00:05]} g5+ {[%clk 00:26:24]}
{[%emt 00:00:44]} 47. Kg4 {[%clk 00:29:34]} {[%emt 00:00:48]} h5+ {[%clk
00:25:55]} {[%emt 00:00:40]} 48. Kxh5 {[%clk 00:29:33]} {[%emt 00:00:10]} gxh4
{[%clk 00:25:50]} {[%emt 00:00:16]} 49. Kxh4 {[%clk 00:29:32]} {[%emt
00:00:11]} Kf7 {[%clk 00:25:05]} {[%emt 00:00:54]} 50. Kg5 {[%clk 00:29:02]}
{[%emt 00:00:42]} Kg7 {[%clk 00:24:40]} {[%emt 00:00:34]} 51. g4 {[%clk
00:28:49]} {[%emt 00:00:23]} Ra8 {[%clk 00:24:07]} {[%emt 00:00:44]} 52. a7
{[%clk 00:28:41]} {[%emt 00:00:17]} Kf7 {[%clk 00:23:47]} {[%emt 00:00:29]} 53.
Kf5 {[%clk 00:28:13]} {[%emt 00:00:39]} Kg7 {[%clk 00:23:21]} {[%emt 00:00:36]}
54. Ra6 {[%clk 00:28:07]} {[%emt 00:00:16]} Kf7 {[%clk 00:22:57]} {[%emt
00:00:35]} 55. g5 {[%clk 00:26:49]} {[%emt 00:01:27]} Kg7 {[%clk 00:22:53]}
{[%emt 00:00:14]} 56. g6 {[%clk 00:26:16]} {[%emt 00:00:43]} Rf8+ {[%clk
00:22:20]} {[%emt 00:00:43]} 57. Kg5 {[%clk 00:25:55]} {[%emt 00:00:30]} Ra8
{[%clk 00:22:21]} {[%emt 00:00:11]} 58. Ra5 {[%clk 00:25:39]} {[%emt 00:00:26]}
Kg8 {[%clk 00:21:59]} {[%emt 00:00:31]} 59. Kh6 {[%clk 00:25:45]} {[%emt
00:00:04]} Kh8 {[%clk 00:21:47]} {[%emt 00:00:23]} 60. Rb5 {[%clk 00:25:19]}
{[%emt 00:00:36]} 1-0

[Event "PK Jeugd 2020 C-Open"]
[Site "Eindhoven, Netherlands"]
[Date "2020.02.09"]
[Round "6.2"]
[White "Thijssen, Freek"]
[Black "van Warmerdam, Valentijn"]
[Result "0-1"]
[WhiteElo "784"]
[BlackElo "1693"]

1. e4 {[%clk 00:55:18]} {[%emt 00:00:02]} e5 {[%clk 00:55:17]} {[%emt
00:00:03]} 2. Nf3 {[%clk 00:55:24]} {[%emt 00:00:04]} Nc6 {[%clk 00:55:22]}
{[%emt 00:00:05]} 3. Bc4 {[%clk 00:55:28]} {[%emt 00:00:05]} Bc5 {[%clk
00:55:09]} {[%emt 00:00:24]} 4. d3 {[%clk 00:55:32]} {[%emt 00:00:06]} Nf6
{[%clk 00:54:43]} {[%emt 00:00:36]} 5. Nc3 {[%clk 00:55:30]} {[%emt 00:00:11]}
d6 {[%clk 00:54:49]} {[%emt 00:00:04]} 6. h3 {[%clk 00:55:33]} {[%emt
00:00:07]} Be6 {[%clk 00:54:31]} {[%emt 00:00:27]} 7. Bb3 {[%clk 00:55:33]}
{[%emt 00:00:11]} Qd7 {[%clk 00:41:41]} {[%emt 00:13:01]} 8. Bxe6 {[%clk
00:54:49]} {[%emt 00:00:49]} fxe6 {[%clk 00:41:20]} {[%emt 00:00:35]} 9. O-O
{[%clk 00:54:44]} {[%emt 00:00:15]} O-O-O {[%clk 00:41:20]} {[%emt 00:00:11]}
10. Na4 {[%clk 00:54:39]} {[%emt 00:00:14]} Bb6 {[%clk 00:38:12]} {[%emt
00:03:18]} 11. Nxb6+ {[%clk 00:54:20]} {[%emt 00:00:29]} axb6 {[%clk 00:37:44]}
{[%emt 00:00:38]} 12. a4 {[%clk 00:54:18]} {[%emt 00:00:13]} h6 {[%clk
00:33:19]} {[%emt 00:04:35]} 13. Bd2 {[%clk 00:54:00]} {[%emt 00:00:27]} g5
{[%clk 00:33:06]} {[%emt 00:00:23]} 14. a5 {[%emt 00:03:00]} bxa5 {[%clk
00:30:47]} 15. Bxa5 {[%clk 00:53:42]} {[%emt 00:00:08]} Rdg8 {[%clk 00:19:23]}
{[%emt 00:11:34]} 16. Bd2 {[%clk 00:53:33]} {[%emt 00:00:18]} Qg7 {[%clk
00:18:20]} {[%emt 00:01:13]} 17. c4 {[%clk 00:53:18]} {[%emt 00:00:26]} g4
{[%clk 00:17:46]} {[%emt 00:00:44]} 18. hxg4 {[%clk 00:52:56]} {[%emt
00:00:31]} Nxg4 {[%clk 00:16:40]} {[%emt 00:01:15]} 19. Qa4 {[%emt 00:00:15]}
Nh2 {[%clk 00:11:29]} {[%emt 00:05:18]} 20. Ne1 {[%clk 00:52:23]} {[%emt
00:00:42]} Nf3+ {[%clk 00:10:31]} {[%emt 00:01:05]} 21. Kh1 {[%clk 00:52:10]}
{[%emt 00:00:25]} Nxe1 {[%clk 00:09:40]} {[%emt 00:01:02]} 22. g3 {[%clk
00:51:58]} {[%emt 00:00:22]} Nxd3 {[%clk 00:07:28]} {[%emt 00:02:22]} 23. Qa8+
{[%clk 00:51:46]} {[%emt 00:00:22]} Kd7 {[%clk 00:06:55]} {[%emt 00:00:43]} 24.
Qxb7 {[%clk 00:51:30]} {[%emt 00:00:26]} Nc5 {[%clk 00:06:43]} {[%emt
00:00:22]} 25. Qb5 {[%clk 00:50:36]} {[%emt 00:01:04]} Rb8 {[%clk 00:06:52]}
{[%emt 00:00:02]} 26. Qxb8 {[%clk 00:50:20]} {[%emt 00:00:25]} Nxb8 {[%clk
00:06:13]} {[%emt 00:00:49]} 27. Ra7 {[%clk 00:50:26]} {[%emt 00:00:05]} Nc6
{[%clk 00:06:13]} {[%emt 00:00:10]} 0-1

[Event "PK Jeugd 2020 C-Open"]
[Site "Eindhoven, Netherlands"]
[Date "2020.02.09"]
[Round "6.3"]
[White "Bötticher, Donald"]
[Black "Zhang, Eric"]
[Result "0-1"]
[WhiteElo "1076"]
[BlackElo "587"]

1. e4 {[%clk 00:55:18]} {[%emt 00:00:02]} e5 {[%clk 00:55:14]} {[%emt
00:00:06]} 2. Nf3 {[%clk 00:55:25]} {[%emt 00:00:04]} Nc6 {[%clk 00:55:16]}
{[%emt 00:00:08]} 3. Bc4 {[%clk 00:55:28]} {[%emt 00:00:06]} Bc5 {[%clk
00:54:47]} {[%emt 00:00:39]} 4. Nc3 {[%clk 00:55:14]} {[%emt 00:00:25]} d6
{[%clk 00:54:38]} {[%emt 00:00:19]} 5. h3 {[%clk 00:55:16]} {[%emt 00:00:08]}
Nd4 {[%clk 00:53:47]} {[%emt 00:01:01]} 6. d3 {[%clk 00:54:55]} {[%emt
00:00:31]} Be6 {[%clk 00:52:38]} {[%emt 00:01:19]} 7. Bxe6 {[%clk 00:54:36]}
{[%emt 00:00:29]} fxe6 {[%clk 00:52:38]} {[%emt 00:00:10]} 8. O-O {[%clk
00:54:35]} {[%emt 00:00:11]} Ne7 {[%clk 00:51:25]} {[%emt 00:01:24]} 9. Bg5
{[%clk 00:54:09]} {[%emt 00:00:35]} O-O {[%clk 00:50:44]} {[%emt 00:00:50]} 10.
a3 {[%clk 00:53:20]} {[%emt 00:01:00]} Nxf3+ {[%clk 00:50:23]} {[%emt
00:00:29]} 11. gxf3 {[%clk 00:53:21]} {[%emt 00:00:11]} Qe8 {[%clk 00:49:18]}
{[%emt 00:01:15]} 12. Be3 {[%clk 00:51:50]} {[%emt 00:01:42]} Qh5 {[%clk
00:48:34]} {[%emt 00:00:54]} 13. Kg2 {[%clk 00:51:02]} {[%emt 00:00:57]} Rf6
{[%clk 00:47:18]} {[%emt 00:01:26]} 14. f4 {[%clk 00:50:37]} {[%emt 00:00:36]}
Rg6+ {[%clk 00:46:27]} {[%emt 00:01:01]} 15. Kh2 {[%clk 00:50:41]} {[%emt
00:00:06]} Qh4 {[%clk 00:45:54]} {[%emt 00:00:42]} 16. Qf3 {[%clk 00:49:20]}
{[%emt 00:01:31]} Bxe3 {[%clk 00:45:12]} {[%emt 00:00:51]} 17. fxe3 {[%clk
00:49:24]} {[%emt 00:00:07]} Rf8 {[%clk 00:43:46]} {[%emt 00:01:36]} 18. Rg1
{[%clk 00:49:25]} {[%emt 00:00:09]} exf4 {[%clk 00:43:05]} {[%emt 00:00:50]} 19.
Raf1 {[%clk 00:48:46]} {[%emt 00:00:50]} Rg3 {[%clk 00:42:36]} {[%emt
00:00:39]} 20. Rxg3 {[%clk 00:48:04]} {[%emt 00:00:53]} fxg3+ {[%clk 00:42:22]}
{[%emt 00:00:23]} 21. Qxg3 {[%clk 00:48:05]} {[%emt 00:00:10]} Qxg3+ {[%clk
00:42:22]} {[%emt 00:00:09]} 22. Kxg3 {[%clk 00:48:08]} {[%emt 00:00:07]} Rxf1
{[%clk 00:42:21]} {[%emt 00:00:12]} 23. Kg2 {[%clk 00:47:41]} {[%emt 00:00:37]}
Rc1 {[%clk 00:42:02]} {[%emt 00:00:29]} 24. Nb5 {[%clk 00:46:25]} {[%emt
00:01:27]} a6 {[%clk 00:41:34]} {[%emt 00:00:37]} 25. Nd4 {[%clk 00:46:26]}
{[%emt 00:00:09]} e5 {[%clk 00:40:50]} {[%emt 00:00:54]} 26. Ne6 {[%clk
00:46:30]} {[%emt 00:00:06]} Rxc2+ {[%clk 00:40:21]} {[%emt 00:00:38]} 27. Kf3
{[%clk 00:46:33]} {[%emt 00:00:08]} c5 {[%clk 00:39:20]} {[%emt 00:01:12]} 28.
Nd8 {[%clk 00:46:19]} {[%emt 00:00:23]} Rxb2 {[%clk 00:39:05]} {[%emt
00:00:25]} 29. a4 {[%clk 00:46:04]} {[%emt 00:00:25]} b5 {[%clk 00:38:29]}
{[%emt 00:00:45]} 30. Nb7 {[%clk 00:45:46]} {[%emt 00:00:29]} bxa4 {[%clk
00:37:42]} {[%emt 00:00:57]} 31. Nxd6 {[%clk 00:45:50]} {[%emt 00:00:07]} a3
{[%clk 00:37:10]} {[%emt 00:00:42]} 32. Nc4 {[%clk 00:45:54]} {[%emt 00:00:05]}
Rb3 {[%clk 00:36:59]} {[%emt 00:00:20]} 33. Nd2 {[%clk 00:45:50]} {[%emt
00:00:15]} Rxd3 {[%clk 00:36:48]} {[%emt 00:00:21]} 34. Ke2 {[%clk 00:45:42]}
{[%emt 00:00:19]} Rxd2+ {[%clk 00:36:40]} {[%emt 00:00:17]} 0-1